000 00254nam a22000977a 4500
999 _c521873
_d521873
082 _aTNC
100 _aBarrington, T.J.
_936132
245 _aThe Irish Administrative System
260 _aIreland
_bInstitute Of Public Administration
_c1980
300 _a242p.